NLSUI OPAC header image

A decade of dedicated services to the children in difficult circumstances, Souvenir 2000-2010 (Record no. 110935)

MARC details
000 -LEADER
fixed length control field 00417nam a2200121Ia 4500
008 - FIXED-LENGTH DATA ELEMENTS--GENERAL INFORMATION
fixed length control field 180321s2010 xx 000 0 und d
082 ## - DEWEY DECIMAL CLASSIFICATION NUMBER
Classification number 346.0172 ECH
245 ## - TITLE STATEMENT
Title A decade of dedicated services to the children in difficult circumstances, Souvenir 2000-2010
260 ## - PUBLICATION, DISTRIBUTION, ETC.
Place of publication, distribution, etc. Bangalore
Name of publisher, distributor, etc. ECHO-Centre for Juvenile Justice
Date of publication, distribution, etc. 2010
300 ## - PHYSICAL DESCRIPTION
Extent 86
650 ## - SUBJECT ADDED ENTRY--TOPICAL TERM
Topical term or geographic name entry element Juvenile justice - children
906 ## - LOCAL DATA ELEMENT F, LDF (RLIN)
a Received on 12.01.2018
Holdings
Withdrawn status Lost status Damaged status Not for loan Collection code Home library Current library Shelving location Date acquired Total Checkouts Barcode Date last seen Price effective from Koha item type
          . .   01.12.2018   REP13224 29.03.2018 29.03.2018 Repository